Cases du jeu de Monopoly (Québec) - Statistiques

Statistiques générales
  • Ce quiz a été pris 377 fois
  • Le résultat moyen est 20 sur 40
Statistiques - réponses
Case Nom % Correct
31 (Coin) Allez en prison
81%
1 (Coin) GO
81%
11 (Coin) EN PRISON / Visite
80%
38 Place du Parc
74%
22 Avenue Kentucky
66%
8 Chance
63%
23 Chance
63%
37 Chance
63%
40 Promenade
63%
25 Avenue Illinois
61%
21 (Coin) Stationnement gratuit
60%
4 Avenue de la Baltique
58%
20 Avenue New York
58%
16 Chemin de fer Pennsylvanie
57%
35 Avenue Pennsylvanie
56%
9 Avenue Vermont
56%
10 Avenue Connecticut
55%
13 Compagnie d'électricité
51%
24 Avenue Indiana
50%
39 Taxe de luxe
50%
29 Aqueduc
49%
33 Avenue Caroline du Nord
47%
3 Caisse Commune
45%
18 Caisse Commune
45%
34 Caisse Commune
45%
2 Avenue de la Méditerranée
44%
15 Avenue Virginie
43%
19 Avenue Tennessee
42%
6 Chemin de fer Reading
41%
30 Jardins Marvin
40%
26 Chemin de fer B&O
36%
12 Place Saint-Charles
34%
27 Avenue Atlantique
30%
5 Impôt sur le revenu
30%
32 Avenue Pacifique
27%
17 Place Saint-Jacques
27%
28 Avenue Ventnor
23%
36 Chemin de fer Petit Réseau
22%
14 Avenue des États-Unis
21%
7 Avenue de l'Orient
19%
Aucun quiz correspondant
Distribution des résultats
% des personnes avec chaque résultat
Percentile par nombre de réponses
Votre historique - résultats
Vous n’avez pas pris ce quiz